| 000 | 00476pab a2200169 454500 | ||
|---|---|---|---|
| 008 | 180718b1995 xxu||||| |||| 00| 0 eng d | ||
| 100 | _aMohanti, K.K. | ||
| 245 |
_aEmployment situation of tribal population in Orissa _b1981 census data. |
||
| 260 | _c1995 | ||
| 300 | _ap.1879-882 | ||
| 362 | _a22 Jul | ||
| 650 | _aEmployment - India - Orissa | ||
| 650 | _aTribes - India - Orissa | ||
| 700 | _aPadhi, Sakti | ||
| 773 | _aEconomic and Political Weekly | ||
| 909 | _a29449 | ||
| 999 |
_c29449 _d29449 |
||